000 01174cam a22003375i 4500
001 18800785
003 USPCAS-E
005 20180118181423.0
008 151001s2015 pk b 000 0 eng
010 _a 2015327517
020 _a9789695623718
025 _aP-E-2015327517; 15
037 _bLibrary of Congress -- Islamabad Overseas Office
_cRs 695
040 _aDLC
_beng
_cDLC
_erda
_dDLC
041 0 _aeng
_aper
_aurd
042 _alcode
050 0 0 _aPK2199.I65Z5-.I65Z999+
082 _aPK2199.I65
_bNAD-I 2015
245 0 0 _aIqbal day :
_bcelebrations abroad, 1948-2000 /
_ccompiled & edited by Nadeem Shafiq Malik.
260 _aLahore:
_bFiction House;
_cc2015.
300 _a288 pages ;
_c25 cm
502 _a.
504 _aIncludes bibliographical references.
546 _aSome in Persian and Urdu.
600 1 0 _aIqbal, Muhammad,
_cSir,
_d1877-1938
_xAnniversaries, etc.
700 1 _aMalik, Nadeem Shafiq,
_ecompiler.
856 4 1 _3Table of contents only
_uhttps://www.loc.gov/catdir/toc/fy16pdf03/2015327517.html
906 _a7
_bibc
_corigode
_d3
_encip
_f20
_gy-gencatlg
942 _2ddc
_cBK
999 _c356098
_d356098